00497nam a2200181Ia 450000500170000000800410001702000150005808200130007310000170008624500250010326000280012830000180015665000150017465000120018994200060020195200950020799900130030220240628030036.0240331s9999 xx 000 0 und d a0415122058 a126bMCC aMcculloch, G 4aThe mnd andits world aLondonbRoutledgec1995 axii, 227 p ., aPhilosophy ahistory cL 001040708LaWERCLbWERCLcSSCd2024-03-31l0o 126 MCCp5051r2024-03-31w2024-03-31yL c708d708